Drapeaux des États des États-Unis - Statistiques

Statistiques générales
  • Ce quiz a été pris 172 fois
  • Le résultat moyen est 28 sur 50
Statistiques - réponses
Par images Réponse % Correct
Californie
77%
Hawaï
77%
Washington
77%
Texas
76%
Colorado
75%
Arizona
73%
Nouveau-Mexique
72%
Alaska
70%
Ohio
70%
Alabama
68%
Maryland
68%
Louisiane
65%
Caroline du Sud
63%
Wyoming
63%
New York
61%
Oregon
61%
Vermont
61%
Dakota du Sud
59%
Arkansas
56%
Caroline du Nord
56%
Floride
56%
Indiana
56%
Iowa
56%
Rhode Island
56%
Nevada
55%
Oklahoma
55%
Illinois
54%
Mississippi
54%
Virginie
54%
Tennessee
52%
Géorgie
51%
Montana
51%
New Jersey
51%
Delaware
49%
Massachusetts
49%
New Hampshire
49%
Connecticut
45%
Kansas
45%
Kentucky
45%
Missouri
45%
Nebraska
45%
Maine
44%
Michigan
44%
Pennsylvanie
44%
Dakota du Nord
42%
Virginie-Occidentale
42%
Utah
41%
Wisconsin
39%
Idaho
35%
Minnesota
32%
Aucun quiz correspondant
Distribution des résultats
% des personnes avec chaque résultat
Percentile par nombre de réponses
Votre historique - résultats
Vous n’avez pas pris ce quiz